Counties That Voted For Trump and Clinton The Most - Statistics

General Stats
  • This quiz has been taken 17 times
  • The average score is 7 of 20
Answer Stats
T/C % State (or D.C.) County % Correct
Clinton 90.86 D.C. District of Columbia
94%
Clinton 86.56 New York New York
75%
Clinton 85 California San Francisco
69%
Clinton 88.52 New York Bronx
56%
Clinton 84.66 Maryland Baltimore (city)
50%
Trump 93.71 Texas King
44%
Trump 91.2 Montana Garfield
38%
Clinton 86.45 Mississippi Jefferson
31%
Clinton 88.13 Maryland Prince George's
31%
Trump 94.58 Texas Roberts
31%
Clinton 86.8 Mississippi Claiborne
25%
Trump 90.62 Nebraska Grant
25%
Clinton 86.46 South Dakota Oglala Lakota
25%
Clinton 87.2 Virginia Petersburg
25%
Trump 91.56 Texas Glasscock
19%
Trump 91.83 Nebraska Hayes
19%
Trump 90.98 Texas McMullen
19%
Trump 92.03 Texas Motley
19%
Trump 91.62 Texas Shackelford
19%
Trump 90.5 Texas Wheeler
19%
No matching quizzes found
Score Distribution
Percent of People with Each Score
Percentile by Number Answered
Your Score History
You have not taken this quiz